书目信息 |
| 题名: |
良家妇女
|
|
| 作者: | 李宽定 著 | |
| 分册: | ||
| 出版信息: | 北京 北京出版社 1999.01 |
|
| 页数: | 491页 | |
| 开本: | 32开 | |
| 丛书名: | ||
| 单 册: | ||
| 中图分类: | I247.5 | |
| 科图分类: | ||
| 主题词: | 小说--中国 | |
| 电子资源: | ||
| ISBN: | 7-200-03633-1 | |
| 000 | 00522nam0 2200193 45 | |
| 001 | 0005091675 | |
| 005 | 20000902174159.3 | |
| 010 | @a7-200-03633-1@d21.00元 | |
| 100 | @a20000509d1999 km y0chiy0120 ea | |
| 101 | @achi | |
| 105 | @a z 000yy | |
| 200 | 1 | @a良家妇女@ALiang Jia Fu Nu@f李宽定著@FLi Kuan Ding Zhu |
| 210 | @a北京@c北京出版社@d1999.01 | |
| 215 | @a491页@d32开 | |
| 606 | 0 | @a小说@x中国 |
| 690 | @aI247.5@v3 | |
| 701 | @a李宽定@4著 | |
| 801 | @aCN@bPftUser@c20000509 | |
| 905 | @dI247.5@eL166@b114243-247@f5 | |
| 良家妇女/李宽定著.-北京:北京出版社,1999.01 |
| 491页;32开 |
| ISBN 7-200-03633-1:21.00元 |
| ● |
| 相关链接 |
|
|
|
正题名:良家妇女
索取号:I247.5/L166
 
预约/预借
| 序号 | 登录号 | 条形码 | 馆藏地/架位号 | 状态 | 备注 |
| 1 | 114243 | 201142432 | 文学库108/400B社科库 29排2列2层/ [索取号:I247.5/L166] | 在馆 | |
| 2 | 114244 | 201142441 | 文学库108/400B社科库 29排2列2层/ [索取号:I247.5/L166] | 在馆 | |
| 3 | 114245 | 201142450 | 文学库108/108文学库 31排3列4层/ [索取号:I247.5/L166] | 在馆 | |
| 4 | 114246 | 201142469 | 文学库108/ [索取号:I247.5/L166] | 在馆 | |
| 5 | 114247 | 201142478 | 文学库108/108文学库 31排3列4层/ [索取号:I247.5/L166] | 在馆 | |
| 6 | 202784 | 202027840 | 社科二线400B/400B社科库 16排2列4层/ [索取号:I247.5/L166] | 在馆 |